[Resumen del reconocimiento con que el marqués acompaña las cartas] [ (Record no. 189640)

MARC details
000 -LEADER
campo de control de longitud fija 00746ntm a2200169 i 4500
001 - NÚMERO DE CONTROL
campo de control 189640
003 - IDENTIFICADOR DE NÚMERO DE CONTROL
campo de control ES-MaACL
005 - FECHA Y HORA DE LA ÚLTIMA TRANSACCIÓN
campo de control 20240516142000.0
008 - DATOS DE LONGITUD FIJA--INFORMACIÓN GENERAL
campo de control de longitud fija 190708q1740 sp 000 0 spa d
245 01 - MENCIÓN DEL TÍTULO
Título [Resumen del reconocimiento con que el marqués acompaña las cartas] [
Medio Manuscrito].
260 ## - PUBLICACIÓN, DISTRIBUCIÓN, ETC.
Fecha de publicación, distribución, etc. [ca. 1740]
300 ## - DESCRIPCIÓN FÍSICA
Extensión [8] h. ;
Dimensiones 21 cm.
600 17 - PUNTO DE ACCESO ADICIONAL DE MATERIA--NOMBRE DE PERSONA
Nombre de persona Pozoblanco, Francisco Manuel de Velasco y Estrada,
Títulos y otros términos asociados al nombre Marqués de
Fuente del encabezamiento o término
9 (RLIN) 167182
651 #4 - PUNTO DE ACCESO ADICIONAL DE MATERIA--NOMBRE GEOGRÁFICO
Nombre geográfico Guadalquivir (España, Río)-
Subdivisión geográfica Navegación.
9 (RLIN) 167183
852 4# - LOCALIZACIÓN
Ubicación ES-MaACL
Número de control de estantería B-8924(30)
Nota libre .- Legado de Federico de Botella y de Hornos
-- .- Encuadernado en un vol. facticio agrupado con el nombre en el lomo: España, geología, memorias y documentos varios 1 a 8
Holdings
Estatus retirado Estado de pérdida Estado de daño No para préstamo Colección Biblioteca de origen Biblioteca actual Ubicación en estantería Fecha de adquisición Fuente de adquisición Total de préstamos Signatura topográfica completa Código de barras Visto por última vez Precio de reemplazo Tipo de ítem Koha
        Manuscritos Biblioteca del Ateneo de Madrid Biblioteca del Ateneo de Madrid Sala Pardo Bazán 08/07/2019     B-8924(30) 1201007 23/02/2023 23/02/2023 Manuscrito